Chapman Library

The dynamics of worship (Record no. 4769)

000 -LEADER
fixed length control field 00314nam a22001217a 4500
020 ## - INTERNATIONAL STANDARD BOOK NUMBER
ISBN 1879938030
050 ## - LIBRARY OF CONGRESS CALL NUMBER
Classification number BS 1199.L67gil
100 ## - MAIN ENTRY--AUTHOR NAME
Personal name GILLS, James P.
245 ## - TITLE STATEMENT
Title The dynamics of worship
260 ## - PUBLICATION, DISTRIBUTION, ETC. (IMPRINT)
Place of publication Tarpon Springs
Name of publisher Love Press
Year of publication 1992
300 ## - PHYSICAL DESCRIPTION
Number of Pages 196p.;includes bibliographical references
942 ## - ADDED ENTRY ELEMENTS (KOHA)
Koha item type Books
Holdings
Koha item type Collection code Shelving location Accession Number Permanent Location Current Location Date acquired Full call number
BooksLendingLending7168 Chapman LibraryChapman Library2018-05-17BS 1199.L67 gil


CSUC Chapman Library is a Koha Automated Library.


Contact us: library@csuc.edu.gh.